| 000 | 00609nam a2200229 a 4500 | ||
|---|---|---|---|
| 005 | 20140310183524.0 | ||
| 008 | 110802s19uu xx 00 eng d | ||
| 020 | _a9780702031342 | ||
| 050 |
_aQP 303 _b.H88 2010 |
||
| 245 |
_aHuman movement: _ban introductory text. |
||
| 250 | _a6th | ||
| 260 |
_aLondon : _bElsevier, _c2010. |
||
| 300 |
_a268 p. : _bill. ; _c25 cm. |
||
| 521 | _aEDU | ||
| 650 | _aHuman mechanics. | ||
| 650 | _aHuman locomotions. | ||
| 650 | _aHuman movement. | ||
| 700 | _aEdited by: Tony Everett and | ||
| 700 | _aClare Kell | ||
| 942 |
_cBK _2lcc _kFOR |
||
| 999 |
_c24476 _d24476 |
||